Experimentálne overenie pôsobenia viacnásobne použitej GFRP výstuže v betónových prvkoch a teoretická aplikácia v stropnej doske garážového domu

Enregistré dans:
Détails bibliographiques
Auteur principal: Bálint, Dárius (Auteur)
Autres auteurs: Sonnenschein, Róbert (Directeur de thèse)
Format: Manuscrit Livre
Langue:slovaque
Publié: 2024
Sujets:
Accès en ligne:http://is.stuba.sk/zp/portal_zp.pl?podrobnosti=178488
https://opac.crzp.sk/?fn=detailBiblioForm&sid=AA0D9432EF6DE826CE101D4F11D3
Tags: Ajouter un tag
Pas de tags, Soyez le premier à ajouter un tag!

MARC

LEADER 00000ntm a22000003a 4500
001 stuzp99550
003 SK-STU
005 20240909100913.7
007 ta
008 150427s2015----xo-----f-mn---000-0-slo-d
040 |a STU  |b slo 
041 0 |a slo 
100 1 |a Bálint, Dárius  |u 010110  |4 aut  |U SvF Stavebná fakulta  |T SvF Katedra betónových konštrukcií a mostov  |X 98410  |U V110  |Y 11  |7 98410 
242 0 1 |a Experimental verification of the effect of multiple-use GFRP reinforcement in concrete members and theoretical application in the ceiling slab of a garage house  |y eng 
245 1 0 |a Experimentálne overenie pôsobenia viacnásobne použitej GFRP výstuže v betónových prvkoch a teoretická aplikácia v stropnej doske garážového domu 
260 |c 2024 
650 4 |a GFRP  |2 slo 
650 4 |a stropná konštrukcia  |2 slo 
650 4 |a garážový dom  |2 slo 
650 4 |a nosný systém  |2 slo 
650 4 |a výstuž  |2 slo 
650 4 |a medzný stav únosnosti  |2 slo 
650 4 |a medzný stav používateľnosti  |2 slo 
650 4 |a ceiling slab  |2 eng 
650 4 |a garage house  |2 eng 
650 4 |a reinforcement  |2 eng 
650 4 |a serviceability limit state  |2 eng 
650 4 |a GFRP  |2 eng 
650 4 |a ultimate limit state  |2 eng 
650 4 |a support system  |2 eng 
700 1 |a Sonnenschein, Róbert  |u 010110  |k Z1  |4 ths  |U SvF Stavebná fakulta  |T SvF Katedra betónových konštrukcií a mostov  |X 28824  |U V110  |Y 11  |7 A000028824 
856 4 |u http://is.stuba.sk/zp/portal_zp.pl?podrobnosti=178488 
856 4 |u https://opac.crzp.sk/?fn=detailBiblioForm&sid=AA0D9432EF6DE826CE101D4F11D3